000 nam a22 a 4500
999 _c1252
_d1252
003 AKMAL
005 20170509082656.0
008 170509s1996 my 00 may d
020 _a9839118331 (kkt.):
_cRM 4.50
039 9 _a200902161218
_bkik3856
_c200902101607
_dkik3856
040 _aAKMAL
082 0 4 _a297.52 AMA
090 0 0 _a297.52
_bAMA
100 0 _aAmat Nasir Agale
_92493
245 1 0 _aPanduan sembahyang lengkap (lelaki) /
_cpenulis Amat Nasir Agale
260 _aJohor Bahru :
_bPerniagaan Jahabersa,
_c1996
300 0 0 _a68ms. :
_bil. ;
_c26cm
650 0 _aPrayer books
_xIslam
_92332
650 0 _aPrayer
_xIslam
_91518
650 0 _aPillars of Islam
_9893
856 4 _uhttp://www.jahabersa.com.my/salat/panduan-sembahyang-lengkap-lelaki
_yKulit Depan & Ringkasan
942 _2ddc
_cBOOK